000 01072nam a2200241Ia 4500
999 _c54569
_d54569
001 21634
003 GE_BSU
005 20211207160553.0
008 181216s1981||||ge |||||||||||||| ||geo||
040 _cGE_BSU
041 _ageo
080 _a811.353.1-8(075.8) კ-38
100 _aკეკელია, შ.
_97846
245 _aქართული ენა :
_bპედ. ინ-ტის ბიბლიოთეკათმცოდნ. ფაკ-ტის სტუდენტთა სახელმძღვ. /
_cშ. კეკელია, ა. დავითიანი ; რედ. ნ. სუხიტაშვილი.
250 _aმე-2 გამოცემა
264 _aთბილისი :
_bგანათლება,
_c1981.
300 _a423 გვ. ;
_c 21სმ.
541 _h1ლ. 90თ.
653 _aქართული ენა
700 _aდავითიანი, ა.
_eავტორი
_93905
700 _aსუხიტაშვილი, ნ.
_eრედაქტორი
_913202
942 _cBK
_2udc